000 00857nas a2200265 4500
001 BR0604155
003 BR-BrBNA
005 20231205110410.0
007 ta
008 230509b bl.|||p| |||| 00| 00por d
040 _aBR-BrBNA
_bpor
_cBiblioteca Nacional de Agricultura
041 _a(Pt)
072 _aP34
100 1 _aRodrigues, L.S.
100 1 _aBaldani, V.L.D.
100 1 _aReis, V.M.
100 1 _aBaldani, J.I.
245 1 _aDiversidade de bactérias diazotróficas endofíticas dos gêneros Herbaspirillum e Burkholderia na cultura do arroz inundado
650 _aARROZ INUNDADO
650 _aBACTÉRIA
650 _aFIXAÇÃO DE NITROGÊNIO
773 0 _tPesquisa Agropecuária Brasileira (Brazil)
_xISSN 0100-204X
_g(Feb 2006), v. 41(2) p. 275-284
_wBR0604155
909 _a202311
_bLúcia
_c55
_dLúcia Elande
942 _2AGRIS
_n0
_cANA
999 _c187238
_d187238